Statistics for Rocky Horror Songs

Click here to take the quiz!

General Stats

  • This quiz has been taken 323 times
  • The average score is 9 of 17

Answer Stats

Hint Answer % Correct
Track 4Time Warp
93%
Track 5Sweet Transvestite
84%
Track 1Science Fiction
76%
Track 9Touch-a-touch-a-touch me
76%
Track 17Science Fiction
76%
Track 2Dammit Janet
69%
Track 7Hot Patootie
64%
Track 10Eddie
56%
Track 6I Can Make You a Man
55%
Track 15I'm Going Home
53%
Track 3Over at the Frankenstein Place
51%
Track 12Rose Tint my World
48%
Track 8The Sword of Damolces
37%
Track 13Don't Dream It, Be It
33%
Track 14Wild and Untamed Thing
24%
Track 16Super Hero's
23%
Track 11Planet Schmanet
22%

Score Distribution

Percentile by Number Answered

Percent of People with Each Score

Your Score History

You have not taken this quiz